000 00737nam a22002417a 4500
003 UA-OsUOA
001 27920
007 ta
008 20040916b un ||||| |||| 00| 0 ukr d
100 _aКабанов М.
090 _a796+35
_bК12
942 _cBK
040 _aUA-OsUOA
_brus
_cUA-OsUOA
_dUA-OsUOA
245 _aПожарно-прикладной спорт
_bУчебное пособие для спортсменов, тренеров и секций коллективов физической культуры
300 _a136 с.
_bІлюстрації
955 _a0
041 _arus
080 _a796+35
260 _aКиев
_bЗдоров'я
_c1967
044 _aRU
650 7 _2UDC
999 _c314272
_d314272